Mi casa es un enjambre de alas : más allá del mar /

Detalles Bibliográficos
Autor principal: Vanégas C., Sara B. (Sara Beatriz Vanégas Cobeña), 1950- (Autor)
Otros Autores: Reyes Montesinos, Edgar (Ilustrador)
Formato: Electrónico eBook
Lenguaje:español
Publicado: Cuenca, Ecuador : Universidad del Azuay, Casa Editora : La Caja Mágica, [2024]
Edición:Primera edición.
Colección:De sueño en sueño (Universidad del Azuay, Casa Editora)
Materias:
Acceso en línea:Digitalia Hispánica

MARC

LEADER 00000nam a2200000 i 4500
001 DIGUAZUAY0300
003 NyNyDIG
007 cr |||||||||||
008 260120s2024 ec a o 000 p spa d
006 m o d
035 |a (OCoLC)1569883700 
040 |a DGITA  |b eng  |e rda  |e pn  |c DGITA 
020 |a 9786642670182  |q eBook 
020 |z 9789942670175 
050 1 4 |a PQ8220.32.A54 ebook 
100 1 |a Vanégas C., Sara B.  |q (Sara Beatriz Vanégas Cobeña),  |d 1950-  |e author. 
245 1 0 |a Mi casa es un enjambre de alas :  |b más allá del mar /  |c Sara Vanégas Coveña ; ilustraciones de Edgar Reyes. 
250 |a Primera edición. 
264 1 |a Cuenca, Ecuador :  |b Universidad del Azuay, Casa Editora :  |b La Caja Mágica,  |c [2024] 
300 |a 1 online resource :  |b color illustrations. 
336 |a text  |b txt  |2 rdacontent 
337 |a computer  |b c  |2 rdamedia 
338 |a online resource  |b cr  |2 rdacarrier 
347 |a text file  |2 rdaft 
347 |b PDF 
490 1 |a De sueño en sueño 
588 0 |a Online resource; title from PDF title page (Digitalia, viewed January 20, 2026) 
655 7 |a Poetry.  |2 lcgft 
700 1 |a Reyes Montesinos, Edgar,  |e illustrator. 
791 2 |a Digitalia (Firm),  |e distributor. 
793 0 |g Digitalia eBook Collection:  |a Universidad del Azuay 
776 0 8 |i Print version:  |a Vanégas C., Sara B. (Sara Beatriz Vanégas Cobeña), 1950-  |t Mi casa es un enjambre de alas.  |b Primera edición.  |d Cuenca, Ecuador : Universidad del Azuay, Casa Editora : La Caja Mágica, [2024]  |z 9789942670175 
830 0 |a De sueño en sueño (Universidad del Azuay, Casa Editora) 
856 4 0 |3 Digitalia Hispánica  |u https://www.digitaliapublishing.com/a/180864/ 
910 |a Premium collection: 2026